Too shaheen he = تو شاہیں ہے / (Record no. 90980)
[ view plain ]
| 000 -LEADER | |
|---|---|
| fixed length control field | 00452nam a22001457a 4500 |
| 005 - DATE AND TIME OF LATEST TRANSACTION | |
| control field | 20170216105446.0 |
| 008 - FIXED-LENGTH DATA ELEMENTS--GENERAL INFORMATION | |
| fixed length control field | 170216b xxu||||| |||| 00| 0 eng d |
| 040 ## - CATALOGING SOURCE | |
| Transcribing agency | PK-LaUMT |
| 082 ## - DEWEY DECIMAL CLASSIFICATION NUMBER | |
| Classification number | 891.4393 |
| Item number | SHA-T |
| 100 ## - MAIN ENTRY--PERSONAL NAME | |
| Personal name | Shaheen Firdous = شاھین فردوس |
| 245 ## - TITLE STATEMENT | |
| Title | Too shaheen he = تو شاہیں ہے / |
| Statement of responsibility, etc | Shaheen Firdous = شاھین فردوس |
| 260 ## - PUBLICATION, DISTRIBUTION, ETC. (IMPRINT) | |
| Place of publication, distribution, etc | Lahore : |
| Name of publisher, distributor, etc | Shirkat Printing Press, |
| Date of publication, distribution, etc | 2017 |
| 300 ## - PHYSICAL DESCRIPTION | |
| Extent | 240 p. |
| 942 ## - ADDED ENTRY ELEMENTS (KOHA) | |
| Koha item type | Books |
| Withdrawn status | Lost status | Damaged status | Home library | Current library | Date acquired | Full call number | Barcode | Date last seen | Price effective from | Koha item type | Copy number |
|---|---|---|---|---|---|---|---|---|---|---|---|
| UMT Main Campus | UMT Main Campus | 2017-02-16 | 891.4393 SHA-T | 105462 | 2021-08-02 | 2017-02-16 | Books | ||||
| UMT Main Campus | UMT Main Campus | 2017-02-16 | 891.4393 SHA-T | 105463 | 2021-06-03 | 2017-02-16 | Books | C. 2 | |||
| UMT Main Campus | UMT Main Campus | 2019-11-06 | 891.4393 SHA-T | 131486 | 2023-05-18 | 2019-11-06 | Books | C.3 | |||
| UMT Main Campus | UMT Main Campus | 2019-11-06 | 891.4393 SHA-T | 131487 | 2025-11-11 | 2019-11-06 | Books | C.4 |
